El estatuto del periodista (Record no. 137487)

MARC details
000 -LEADER
fixed length control field 00774nam a22001817a 4500
005 - DATE AND TIME OF LATEST TRANSACTION
control field 20260225081139.0
008 - FIXED-LENGTH DATA ELEMENTS--GENERAL INFORMATION
fixed length control field 200127b ag ||||| |||| 00| 0 spa d
020 ## - INTERNATIONAL STANDARD BOOK NUMBER
International Standard Book Number 950679281X
050 04 - LIBRARY OF CONGRESS CALL NUMBER
Classification number KHA4370.A351946
Item number D66 2000
100 1# - MAIN ENTRY--PERSONAL NAME
Personal name Domínguez, Nelson
245 13 - TITLE STATEMENT
Title El estatuto del periodista
Remainder of title : Antecedentes históricos, Estatuto del periodista profesional comentado, Estatuto del empleado administrativo de empresas periodisticas comentado, La gazeta de Buenos Ayres, Convenciones colectivas de trabajo 124/75 y 301/75
Statement of responsibility, etc / Nelson Domínguez
250 ## - EDITION STATEMENT
Edition statement 1a ed.
260 ## - PUBLICATION, DISTRIBUTION, ETC. (IMPRINT)
Place of publication, distribution, etc Buenos Aires :
Name of publisher, distributor, etc Universidad,
Date of publication, distribution, etc 2000
300 ## - PHYSICAL DESCRIPTION
Extent 245 p. ;
Dimensions 23 cm.
500 ## - GENERAL NOTE
General note Incluye índice
651 #7 - SUBJECT ADDED ENTRY--GEOGRAPHIC NAME
Source of heading or term lemb
Geographic name Argentina
Form subdivision Leyes y legislación
General subdivision Periodistas
942 ## - ADDED ENTRY ELEMENTS (KOHA)
Source of classification or shelving scheme Biblioteca del Cogreso de los Estados Unidos
Koha item type Libro
Holdings
Estado de pérdida Fuente de clasificación Estado del daño No para préstamo Ubicación permanente Ubicación actual Apartado o colección Fecha de adquisición Edición Área del conocimiento Clasificación Código de Barras Date last seen Número de copia Costo por reposición Tipo de recurso Total Checkouts
  Biblioteca del Cogreso de los Estados Unidos     Biblioteca de la Facultad de Derecho y Ciencias Sociales "Felipe J. Tena" Biblioteca de la Facultad de Derecho y Ciencias Sociales "Felipe J. Tena" Consulta 05/07/2021 1a ed. Ciencias Sociales y Administrativas KHA4370.A351946 D66 2000 BFD000012471 05/07/2021 1 1.00 Libro  
  Biblioteca del Cogreso de los Estados Unidos     Biblioteca del Posgrado en Derecho Biblioteca del Posgrado en Derecho Colección Ernesto Villanueva 27/01/2020 1a ed. Ciencias Sociales y Administrativas KHA1831 D66 2000 BPD000001332 27/01/2020 C : 1 1.00 Libro  
  Biblioteca del Cogreso de los Estados Unidos     Biblioteca del Posgrado en Derecho Biblioteca del Posgrado en Derecho Colección Ernesto Villanueva 04/02/2020 1a ed. Ciencias Sociales y Administrativas KHA1831 D66 2000 BPD000001181 04/02/2020 C : 2 1.00 Libro